• 首页
  • 本馆介绍
  • 公告通知
  • 最新文献
  • 馆藏检索
  • 电子资源
  • 读者荐购
  • 参考咨询
  • CALIS
  • 我的图书馆
  • 登录
  • 详细信息显示
  • 放入我的书架
  • 预约/预借图书
  • 作者相关作品
  • 分类相关作品
  • 丛书相关作品
  • 出版社相关作品

书目信息

  • 表格格式
  • 工作单格式
  • 卡片格式
题名:
如何实施新城市总体规划
    
 
作者: N.M.斯莫利亚尔 主编
分册:  
出版信息: 北京   中国建筑工业出版社  1984.09
页数: 76页
开本: 32开
丛书名:
单 册:
中图分类: TU984.11
科图分类:
主题词: 城市规划
电子资源:
ISBN:
 
 
 
 
 
000 00593nam0 2200193 45
001 0006171084
005 20000617104024.3
010    @d0.28元
100    @a20000617d1984 km y0chiy0120 ea
101 0  @achi
105    @a z 000yy
200 1  @a如何实施新城市总体规划@ARu He Shi Shi Xin Cheng Shi Zong Ti Gui Hua@f(苏)N.M.斯莫利亚尔主编@F(Su)N.M.Si Mo Li Ya Er Zhu Bian
210    @a北京@c中国建筑工业出版社@d1984.09
215    @a76页@d32开
606 0  @a城市规划
690    @aTU984.11@v3
701  0 @aN.M.斯莫利亚尔@4主编
801    @aCN@bPftUser@c20000617
905    @b207300@dTU984.11@eSH454@f1
    
    如何实施新城市总体规划/(苏)N.M.斯莫利亚尔主编.-北京:中国建筑工业出版社,1984.09
    76页;32开
    
    
    ISBN :0.28元
    
●
相关链接 在E读中查询图书 在当当中查询图书 在豆瓣中查询图书


正题名:如何实施新城市总体规划     索取号:TU984.11/SH454         预约/预借

序号 登录号 条形码 馆藏地/架位号 状态 备注
1 207300   202073004   建筑库201/201建筑库 64排7列2层/ [索取号:TU984.11/SH454] 在馆    
河南城建学院图书馆 欢迎您!
大连网信软件有限公司© 版权所有